header

A concise companion to Aboriginal history (Record no. 98270)

MARC details
000 -LEADER
fixed length control field 01206nam a2200301Ia 4500
100 1# - MAIN ENTRY--AUTHOR NAME
Personal name Prentis, Malcolm D.
245 12 - TITLE STATEMENT
Title A concise companion to Aboriginal history
250 ## - EDITION STATEMENT
Edition statement 2nd ed.
260 ## - PUBLICATION, DISTRIBUTION, ETC. (IMPRINT)
Place of publication Dural Delivery Centre, NSW [Australia] :
Name of publisher Rosenberg,
Year of publication 2011.
300 ## - PHYSICAL DESCRIPTION
Number of Pages 264 p. :
Other physical details ill., maps.
650 #0 - SUBJECT ADDED ENTRY--TOPICAL TERM
Topical Term Aboriginal Australians
Topical Term Indigenous peoples
856 40 - ELECTRONIC LOCATION AND ACCESS
Uniform Resource Identifier http://site.ebrary.com/lib/rucke/Doc?id=10601772

No items available.

© 2026 Rongo University
Contact us: librarian | system librarian | Rongo university